[Event "Paris-ch op-B 87th"]
[Site "Paris"]
[Date "2012.07.12"]
[Round "6"]
[White "Inouss, Badr"]
[Black "Mircescu, Ovidiu"]
[Result "1-0"]
[WhiteElo "1942"]
[BlackElo "2106"]
[PlyCount "23"]
[EventDate "2012.07.07"]
[EventType "swiss"]
[EventRounds "9"]
[EventCountry "FRA"]
[SourceTitle "EXT 2013"]
[Source "ChessBase"]
[SourceDate "2012.11.22"]
[SourceVersion "1"]
[SourceVersionDate "2012.11.22"]
[SourceQuality "1"]

1. d4 d5 2. c4 dxc4 3. Nc3 Nf6 4. Nf3 a6 5. a4 c5 6. e3 Bg4 7. Bxc4 Nc6 8. d5 Na5 9. Be2 Qb6 10. e4 Nb3 11. a5 Nxa5 12. Qa4+ 1-0

[Event "Paris-ch op-B 87th"]
[Site "Paris"]
[Date "2012.07.11"]
[Round "5"]
[White "Mircescu, Ovidiu"]
[Black "Guille, Jean Luc"]
[Result "1/2-1/2"]
[WhiteElo "2106"]
[BlackElo "1962"]
[PlyCount "106"]
[EventDate "2012.07.07"]
[EventType "swiss"]
[EventRounds "9"]
[EventCountry "FRA"]
[SourceTitle "EXT 2013"]
[Source "ChessBase"]
[SourceDate "2012.11.22"]
[SourceVersion "1"]
[SourceVersionDate "2012.11.22"]
[SourceQuality "1"]

1. e4 c5 2. Nf3 Nc6 3. d4 cxd4 4. Nxd4 Nf6 5. Nc3 e5 6. Ndb5 d6 7. Nd5 Nxd5 8. exd5 Nb8 9. c4 Be7 10. Bd3 0-0 11. 0-0 a6 12. Nc3 f5 13. f3 Bg5 14. f4 exf4 15. Qc2 g6 16. Ne2 Nd7 17. Nxf4 Ne5 18. Be2 Bd7 19. Be3 Re8 20. Bd4 Rc8 21. Qb3 Bf6 22. Rad1 Qc7 23. Bb6 Qb8 24. Qc2 Nf7 25. b4 Re4 26. Bd3 Bd4+ 27. Bxd4 Rxd4 28. Qb2 Qa7 29. c5 dxc5 30. Ne6 Bxe6 31. dxe6 Ne5 32. Be2 Nc6 33. Rxd4 Nxd4 34. Bc4 b5 35. Bd5 Qe7 36. Rd1 Qd6 37. bxc5 Qxd5 38. Qxd4 Qxc5 39. Qxc5 Rxc5 40. Rd6 Kg7 41. Rxa6 Kf6 42. Kf2 Re5 43. Rb6 Rxe6 44. Rxb5 Ra6 45. Rb2 Ra3 46. Re2 g5 47. g3 h5 48. Kg2 f4 49. gxf4 gxf4 50. Rb2 Kg5 51. Rf2 Kf5 52. Rb2 Ke4 53. Kf2 Rf3+ 1/2-1/2

[Event "FRA-chT2 Nord 0708"]
[Site "France"]
[Date "2008.02.10"]
[Round "7.2"]
[White "Camus de Solliers, Guillaume"]
[Black "Mircescu, Ovidiu"]
[Result "1/2-1/2"]
[WhiteElo "2314"]
[BlackElo "2148"]
[PlyCount "29"]
[EventDate "2007.10.21"]
[EventType "team"]
[EventRounds "11"]
[EventCountry "FRA"]
[SourceTitle "EXT 2009"]
[Source "ChessBase"]
[SourceDate "2008.11.26"]
[SourceVersion "1"]
[SourceVersionDate "2008.11.26"]
[SourceQuality "1"]
[WhiteTeam "Rueil Malmaison"]
[BlackTeam "Arcueil"]
[WhiteTeamCountry "FRA"]
[BlackTeamCountry "FRA"]

1. d4 d5 2. c4 dxc4 3. Nf3 Nf6 4. e3 e6 5. Bxc4 Be7 6. Nc3 0-0 7. e4 c5 8. 0-0 cxd4 9. Nxd4 e5 10. Nb3 Nc6 11. Qe2 Nd4 12. Nxd4 exd4 13. Rd1 Bg4 14. f3 Bd7 15. Nd5 1/2-1/2

[Event "FRA-chT2 Nord 0708"]
[Site "France"]
[Date "2008.01.19"]
[Round "5.1"]
[White "Mircescu, Ovidiu"]
[Black "Laurent, Bruno"]
[Result "1/2-1/2"]
[WhiteElo "2148"]
[BlackElo "2359"]
[PlyCount "93"]
[EventDate "2007.10.21"]
[EventType "team"]
[EventRounds "11"]
[EventCountry "FRA"]
[SourceTitle "EXT 2009"]
[Source "ChessBase"]
[SourceDate "2008.11.26"]
[SourceVersion "1"]
[SourceVersionDate "2008.11.26"]
[SourceQuality "1"]
[WhiteTeam "Arcueil"]
[BlackTeam "Arras"]
[WhiteTeamCountry "FRA"]
[BlackTeamCountry "FRA"]

1. e4 e6 2. d4 d5 3. Nc3 Nf6 4. Bg5 Bb4 5. e5 h6 6. Bd2 Bxc3 7. bxc3 Ne4 8. Qg4 g6 9. Qf4 c5 10. Bd3 g5 11. Qe3 Nxd2 12. Qxd2 Nc6 13. h4 gxh4 14. Nf3 Qa5 15. Rxh4 Bd7 16. c4 dxc4 17. Bxc4 Qa3 18. c3 0-0-0 19. Rb1 Ne7 20. Rf4 Rh7 21. Bd3 Rg7 22. Be4 Bc6 23. Bxc6 Nxc6 24. g3 Qa6 25. Qe2 Qa5 26. Qb2 Rd7 27. Kf1 h5 28. Kg2 Rg4 29. Rh1 cxd4 30. cxd4 Rxf4 31. gxf4 Qd5 32. Rxh5 Qe4 33. Kg3 Nxd4 34. Rh8+ Kc7 35. Nxd4 Rxd4 36. Qc3+ Kb6 37. Qb2+ Rb4 38. Qd2 Rd4 39. Qb2+ Ka6 40. Qa3+ Ra4 41. Qf3 Qg6+ 42. Qg4 Ra3+ 43. f3 Qb1 44. Rh2 Rxa2 45. Rxa2+ Qxa2 46. Qg7 Qd5 47. Qxf7 1/2-1/2

[Event "FRA-chT2 Nord 0708"]
[Site "France"]
[Date "2007.12.16"]
[Round "4.2"]
[White "Mehaibia, Azzedine"]
[Black "Mircescu, Ovidiu"]
[Result "0-1"]
[WhiteElo "2204"]
[BlackElo "2132"]
[PlyCount "106"]
[EventDate "2007.10.21"]
[EventType "team"]
[EventRounds "11"]
[EventCountry "FRA"]
[SourceTitle "EXT 2009"]
[Source "ChessBase"]
[SourceDate "2008.11.26"]
[SourceVersion "1"]
[SourceVersionDate "2008.11.26"]
[SourceQuality "1"]
[WhiteTeam "JEEN"]
[BlackTeam "Arcueil"]
[WhiteTeamCountry "FRA"]
[BlackTeamCountry "FRA"]

1. e4 c5 2. Nf3 a6 3. c4 e6 4. d4 cxd4 5. Nxd4 Nf6 6. Nc3 Bb4 7. Bd3 Bxc3+ 8. bxc3 Qc7 9. 0-0 d6 10. Bg5 Nbd7 11. f4 Qc5 12. Kh1 h6 13. Nb3 Qc7 14. Bh4 e5 15. c5 dxc5 16. fxe5 Nxe5 17. Bc2 Bg4 18. Qd2 Nfd7 19. Bg3 0-0 20. Qf4 Qc6 21. h3 Be6 22. Qf2 Rfc8 23. Rad1 a5 24. Nc1 f6 25. Bb1 b5 26. Nd3 b4 27. cxb4 axb4 28. Nf4 Bc4 29. Nd5 Kf7 30. Rfe1 Qa6 31. Rd2 Bd3 32. Qf5 Bxb1 33. Rxb1 Qe6 34. Qf2 Nc4 35. Re2 Nde5 36. Bxe5 Nxe5 37. Qe3 Ra3 38. Rb3 Ra5 39. Rc2 Rc6 40. Nf4 Qe7 41. Nd5 Qb7 42. Qe2 Qa6 43. Qd2 Qf1+ 44. Kh2 Nc4 45. Rxc4 Qxc4 46. Nxb4 Rc7 47. Nd5 Rca7 48. Nc7 Qd4 49. Qxd4 cxd4 50. Nb5 Rd7 51. a3 d3 52. Nc3 d2 53. Nd1 Rc5 0-1

[Event "FRA-chT2 Nord 0708"]
[Site "France"]
[Date "2007.11.24"]
[Round "2.2"]
[White "Sohier, Julien"]
[Black "Mircescu, Ovidiu"]
[Result "1/2-1/2"]
[WhiteElo "2259"]
[BlackElo "2132"]
[PlyCount "54"]
[EventDate "2007.10.21"]
[EventType "team"]
[EventRounds "11"]
[EventCountry "FRA"]
[SourceTitle "EXT 2009"]
[Source "ChessBase"]
[SourceDate "2008.11.26"]
[SourceVersion "1"]
[SourceVersionDate "2008.11.26"]
[SourceQuality "1"]
[WhiteTeam "Club 608"]
[BlackTeam "Arcueil"]
[WhiteTeamCountry "FRA"]
[BlackTeamCountry "FRA"]

1. e4 e5 2. Nf3 Nc6 3. Bb5 a6 4. Ba4 Nf6 5. 0-0 b5 6. Bb3 Be7 7. Re1 0-0 8. h3 d6 9. c3 Na5 10. Bc2 c5 11. d4 Qc7 12. Nbd2 Bb7 13. d5 Rfc8 14. Nf1 Nc4 15. Ng3 g6 16. Nh2 Nb6 17. Ng4 Nbd7 18. Nh6+ Kg7 19. Qd2 Ng8 20. Ng4 h5 21. Nh6 h4 22. Nf1 Ndf6 23. Bd1 Nh7 24. Nxg8 Rxg8 25. Qh6+ Kh8 26. Nh2 f5 27. Qe3 Bf6 1/2-1/2

[Event "FRA-chT2 North 0607"]
[Site "France"]
[Date "2007.01.21"]
[Round "6.1"]
[White "Petitcunot, Pierre"]
[Black "Mircescu, Ovidiu"]
[Result "1-0"]
[WhiteElo "2393"]
[BlackElo "2130"]
[PlyCount "103"]
[EventDate "2006.10.15"]
[EventType "team"]
[EventRounds "11"]
[EventCountry "FRA"]
[SourceTitle "EXT 2008"]
[Source "ChessBase"]
[SourceDate "2007.11.25"]
[SourceVersion "1"]
[SourceVersionDate "2007.11.25"]
[SourceQuality "1"]
[WhiteTeam "Henin Beaumont"]
[BlackTeam "Arcueil"]
[WhiteTeamCountry "FRA"]
[BlackTeamCountry "FRA"]

1. e4 c5 2. Nf3 a6 3. c4 Nc6 4. d4 cxd4 5. Nxd4 Qb6 6. Nc2 e6 7. Be2 Bc5 8. 0-0 Nd4 9. Nxd4 Bxd4 10. Nc3 Nf6 11. Qd3 d6 12. Bg5 h6 13. Na4 Qa7 14. Rad1 hxg5 15. Qxd4 Qxd4 16. Rxd4 Bd7 17. Nb6 Rd8 18. Rfd1 Bc6 19. e5 Nd7 20. Nxd7 Rxd7 21. exd6 e5 22. R4d2 f5 23. b4 Ba4 24. Re1 Kf7 25. c5 Ke6 26. f3 g6 27. Bf1 Bc6 28. a3 Rdh7 29. h3 Rd8 30. Bd3 Rdh8 31. Rb2 g4 32. fxg4 e4 33. Be2 Ke5 34. gxf5 gxf5 35. Bd1 Rg7 36. Kh2 f4 37. a4 Kd4 38. b5 axb5 39. axb5 Bd5 40. Bb3 Kxc5 41. Rc2+ Kxd6 42. Rd2 Rh5 43. Rxe4 Rf7 44. Red4 Rff5 45. Kg1 Kc5 46. Rxd5+ Rxd5 47. Rxd5+ Rxd5 48. Bxd5 Kxd5 49. Kf2 Ke4 50. h4 Ke5 51. Kf3 Kf5 52. b6 1-0

[Event "FRA-chT2 North 0607"]
[Site "France"]
[Date "2007.01.20"]
[Round "5.1"]
[White "Mircescu, Ovidiu"]
[Black "Laurent, Bruno"]
[Result "0-1"]
[WhiteElo "2130"]
[BlackElo "2397"]
[PlyCount "74"]
[EventDate "2006.10.15"]
[EventType "team"]
[EventRounds "11"]
[EventCountry "FRA"]
[SourceTitle "EXT 2008"]
[Source "ChessBase"]
[SourceDate "2007.11.25"]
[SourceVersion "1"]
[SourceVersionDate "2007.11.25"]
[SourceQuality "1"]
[WhiteTeam "Arcueil"]
[BlackTeam "Arras"]
[WhiteTeamCountry "FRA"]
[BlackTeamCountry "FRA"]

1. e4 e6 2. d4 d5 3. Nc3 Nf6 4. Bg5 Bb4 5. e5 h6 6. Bd2 Bxc3 7. Bxc3 Ne4 8. Bb4 c5 9. Bxc5 Nxc5 10. dxc5 Nc6 11. Qg4 0-0 12. Nf3 Qc7 13. Qg3 Qa5+ 14. Nd2 Qxc5 15. Bd3 Qd4 16. Nf3 Qb4+ 17. Ke2 Qxb2 18. Rhd1 b6 19. Kf1 Qa3 20. Nd4 Qa4 21. Bb5 Ba6 22. Bxa6 Qxa6+ 23. Kg1 Rac8 24. Nxc6 Rxc6 25. Rd4 Rc4 26. Rxc4 Qxc4 27. Rf1 Qxc2 28. f4 Rc8 29. Qh3 Qc5+ 30. Kh1 Qf2 31. g4 Qe2 32. Kg1 d4 33. Rf2 Rc1+ 34. Kg2 d3 35. Qg3 Qd1 36. Kh3 d2 37. Qd3 h5 0-1

[Event "FRA-chT2 North 0607"]
[Site "France"]
[Date "2006.11.25"]
[Round "2.1"]
[White "Medghoul, Sherif"]
[Black "Mircescu, Ovidiu"]
[Result "1-0"]
[WhiteElo "2266"]
[BlackElo "2150"]
[PlyCount "65"]
[EventDate "2006.10.15"]
[EventType "team"]
[EventRounds "11"]
[EventCountry "FRA"]
[SourceTitle "EXT 2008"]
[Source "ChessBase"]
[SourceDate "2007.11.25"]
[SourceVersion "1"]
[SourceVersionDate "2007.11.25"]
[SourceQuality "1"]
[WhiteTeam "Maromme"]
[BlackTeam "Arcueil"]
[WhiteTeamCountry "FRA"]
[BlackTeamCountry "FRA"]

1. d4 d5 2. c4 dxc4 3. Nf3 Nf6 4. e3 e6 5. Bxc4 c5 6. 0-0 cxd4 7. exd4 Be7 8. Nc3 0-0 9. Bg5 Nc6 10. a3 b6 11. Qd3 Bb7 12. Rad1 Rc8 13. Ba2 Qc7 14. Rfe1 Rfd8 15. Bb1 g6 16. Ba2 Ne8 17. h4 Bxg5 18. hxg5 Ne7 19. Ne5 Nd6 20. Qh3 Nef5 21. d5 Qe7 22. dxe6 Qxg5 23. exf7+ Kg7 24. Be6 Rc5 25. Nd7 Rxd7 26. Bxd7 Rc4 27. Nd5 Nxf7 28. Bxf5 gxf5 29. Ne3 Rc5 30. Rc1 Re5 31. Nf1 Rb5 32. Rc7 Be4 33. b4 1-0

[Event "Banyoles op 7th"]
[Site "Banyoles"]
[Date "2004.08.23"]
[Round "8"]
[White "Mircescu, Ovidiu"]
[Black "Schalow, Daniel"]
[Result "0-1"]
[WhiteElo "2166"]
[BlackElo "2125"]
[PlyCount "86"]
[EventDate "2004.08.16"]
[EventType "swiss"]
[EventRounds "9"]
[EventCountry "ESP"]
[SourceTitle "EXT 2005"]
[Source "ChessBase"]
[SourceDate "2004.11.15"]
[SourceVersion "1"]
[SourceVersionDate "2004.11.15"]
[SourceQuality "1"]

1. e4 d5 2. exd5 Qxd5 3. Nc3 Qa5 4. d4 c6 5. Nf3 Bf5 6. Bc4 e6 7. 0-0 Nf6 8. Re1 Be7 9. h3 0-0 10. Nh4 Bg6 11. Nxg6 hxg6 12. Ne4 Nbd7 13. c3 Nxe4 14. Rxe4 Nf6 15. Re5 Qc7 16. Qe2 Bd6 17. Rg5 Rae8 18. Bd2 Re7 19. Qf3 Rd8 20. Bb3 b5 21. a4 a6 22. g3 Rb8 23. axb5 axb5 24. Kg2 Nd5 25. Bxd5 exd5 26. h4 Re6 27. h5 Rf8 28. Rh1 Rf6 29. Qg4 Qe7 30. Re1 Qd8 31. Qh4 Re8 32. hxg6 fxg6 33. Rh1 Kf7 34. Be3 Qa8 35. Qg4 Qa7 36. Qd1 Qa2 37. Qb1 Qc4 38. Rg4 Qe2 39. Kh3 Rxe3 40. fxe3 g5 41. Qh7 Rh6+ 42. Qxh6 gxh6 43. Rh2 Qf3 0-1

[Event "Agneaux St Lo op 07th"]
[Site "Agneaux"]
[Date "2003.02.26"]
[Round "1"]
[White "Marchadour, Emilie"]
[Black "Mircescu, Ovidiu"]
[Result "1/2-1/2"]
[WhiteElo "1920"]
[BlackElo "2137"]
[PlyCount "91"]
[EventDate "2003.02.26"]
[EventType "swiss"]
[EventRounds "7"]
[EventCountry "FRA"]
[SourceTitle "EXT 2004"]
[Source "ChessBase"]
[SourceDate "2003.11.25"]
[SourceVersion "1"]
[SourceVersionDate "2003.11.25"]
[SourceQuality "1"]

1. e4 c5 2. Nf3 Nc6 3. d4 cxd4 4. Nxd4 e5 5. Nb5 d6 6. Be3 f5 7. exf5 Bxf5 8. N1c3 a6 9. Na3 Nf6 10. Bg5 Be7 11. Bxf6 Bxf6 12. Nd5 0-0 13. Bc4 Kh8 14. 0-0 Bh4 15. Ne3 Bg6 16. Bd5 Rc8 17. Be6 Rb8 18. Bd5 Qf6 19. g3 Bg5 20. Nac4 Nd4 21. c3 Nf5 22. Bg2 b5 23. Nd5 Qd8 24. Nce3 Nxe3 25. Nxe3 Bxe3 26. fxe3 Qb6 27. Qd2 h6 28. Kh1 Rxf1+ 29. Rxf1 Qc5 30. Qd5 Rd8 31. Be4 Qxd5 32. Bxd5 Kh7 33. Kg2 a5 34. a3 b4 35. axb4 axb4 36. cxb4 Rb8 37. b3 Rxb4 38. Rf2 Be4+ 39. Bxe4+ Rxe4 40. Kf3 Rb4 41. Rd2 Rb6 42. Rd3 Kg6 43. e4 Kf6 44. b4 Ke6 45. Rb3 g6 46. b5 1/2-1/2

[Event "Paris-ch op"]
[Site "Paris"]
[Date "2000.07.18"]
[Round "4"]
[White "San Marco, Bruno"]
[Black "Mircescu, Ovidiu"]
[Result "1-0"]
[WhiteElo "2295"]
[BlackElo "2178"]
[PlyCount "55"]
[EventDate "2000.07.15"]
[EventType "swiss"]
[EventRounds "9"]
[EventCountry "FRA"]
[SourceTitle "EXT 2001"]
[Source "ChessBase"]
[SourceDate "2000.11.22"]
[SourceVersion "1"]
[SourceVersionDate "2000.11.22"]
[SourceQuality "1"]

1. b3 e5 2. Bb2 Nc6 3. e3 Nf6 4. Bb5 d6 5. Nf3 Be7 6. d4 e4 7. Nfd2 Bg4 8. f3 exf3 9. gxf3 Bh5 10. Nc3 Nd7 11. Nde4 Bh4+ 12. Ng3 Qg5 13. Kf2 0-0-0 14. Bxc6 bxc6 15. Qd3 Kb7 16. Nce4 Qe7 17. d5 Ne5 18. dxc6+ Kxc6 19. Qa6+ Kd7 20. Qb5+ c6 21. Qb7+ Ke8 22. Qxe7+ Kxe7 23. f4 Nd7 24. Kg2 Bg4 25. f5 Ne5 26. Bxe5 dxe5 27. h3 Bxg3 28. hxg4 1-0